000 00482nam a22001937a 4500
003 MPLRDC
005 20220104143151.0
008 210129b ||||| |||| 00| 0 eng d
020 _a983-50-2343-3
082 _a868.71 DLWC-4 v.11
100 _a柏一
245 _a红疯子
_c
250 _a初版
260 _a
_b雪兰莪乌鲁冷岳兴安会
_c1999
300 _b
490 _a德麟文丛. 第四辑. 11
650 _a马华文学
942 _cBK
_o868.71 DLWC-4 v.11
999 _c37268
_d37258